000 01234nam a2200229Ia 4500
003 Ost
005 20260507074911.0
008 260507s9999||||xx |||||||||||||| ||und||
020 _a9960244016
040 _cfsecg
041 _aara
082 _a310
100 _aالإمام، محمد محمد الطاهر
_eمؤلف
245 0 _aتصميم وتحليل التجارب /
_c محمد محمد الطاهر الإمام
260 _aالرياض:
_bدار المريخ للنشر,
_c2007
300 _a408 صفحة؛
_bإيضاحات ؛
_c25 سم
504 _aببليوغرافيا: ص.371 كشاف مصطلحات ص.393
520 _aتصميم التجارب، مقارنة المجموعات، تحليل التباين، التصميم التام للتعشية، تصميم القطاعات العشوائية الكاملة، تصميم المربع اللأتيني، المقارنات المتعددة، التجارب العاملية، الإدماج في التجارب العاملية، التجارب العاملية الجزئية، تحليل التغاير
653 _aالإحصاء - المعاملات الإرتباطية
653 _aالإقتصاد التحليلي
942 _cكتاب
999 _c41739
_d41739